[Event "GRE-chT 44th"]
[Site "Achaia"]
[Date "2016.07.06"]
[Round "3.13"]
[White "Kokkota, Eleni"]
[Black "Farantouri, Marina"]
[Result "1-0"]
[WhiteElo "1671"]
[BlackElo "1422"]
[PlyCount "69"]
[EventDate "2016.07.05"]
[EventType "team-swiss"]
[EventRounds "7"]
[EventCountry "GRE"]
[SourceTitle "CBM 173 Extra"]
[Source "ChessBase"]
[SourceDate "2016.08.29"]
[SourceVersion "1"]
[SourceVersionDate "2016.08.29"]
[SourceQuality "1"]
[WhiteTeam "Corinth Argonaftis"]
[BlackTeam "New Filadelfeias"]
[WhiteTeamCountry "GRE"]
[BlackTeamCountry "GRE"]

1. d4 d5 2. c4 e6 3. Nf3 Nf6 4. Nc3 Be7 5. Bf4 a6 6. e3 0-0 7. Bd3 dxc4 8. Bxc4 b5 9. Be2 Bb7 10. 0-0 Nbd7 11. a3 c5 12. dxc5 Bxc5 13. Bd6 Bxd6 14. Qxd6 Qb6 15. Rfd1 Rfd8 16. Qb4 Rac8 17. Nd4 Nd5 18. Nxd5 Bxd5 19. a4 bxa4 20. Rxa4 Qxb4 21. Rxb4 a5 22. Ra4 e5 23. Rxa5 Nf6 24. Nb5 Bb3 25. Rxd8+ Rxd8 26. Nc3 g6 27. Rxe5 Rb8 28. Rb5 Rxb5 29. Nxb5 Ne4 30. Nd4 Nc5 31. Nxb3 Nxb3 32. Bc4 Nd2 33. Bd5 Kf8 34. f3 Ke7 35. Kf2 1-0

[Event "GRE-chT 43rd"]
[Site "Porto Rio"]
[Date "2015.10.08"]
[Round "2.7"]
[White "Palioura, Paraskevi"]
[Black "Kokkota, Eleni"]
[Result "0-1"]
[WhiteElo "1220"]
[BlackElo "1665"]
[PlyCount "114"]
[EventDate "2015.10.08"]
[EventType "team-swiss"]
[EventRounds "7"]
[EventCountry "GRE"]
[SourceTitle "CBM 168 Extra"]
[Source "ChessBase"]
[SourceDate "2015.10.29"]
[SourceVersion "1"]
[SourceVersionDate "2015.10.29"]
[SourceQuality "1"]
[WhiteTeam "Von Heraklion Contact"]
[BlackTeam "Korinthias Argonaftis"]
[WhiteTeamCountry "GRE"]
[BlackTeamCountry "GRE"]

1. d4 d5 2. Bf4 Bf5 3. e3 Nf6 4. Nf3 e6 5. c3 h6 6. Nbd2 Nh5 7. Bg3 Nxg3 8. hxg3 c6 9. Be2 Nd7 10. Nh4 Bh7 11. b3 g5 12. Nhf3 Bg7 13. Rc1 Qa5 14. a4 Bg6 15. c4 dxc4 16. bxc4 c5 17. 0-0 0-0 18. Qb3 g4 19. Qxb7 gxf3 20. Nxf3 Nb6 21. Qc7 Rfc8 22. Qf4 Qxa4 23. Ra1 Qc6 24. Nh4 Qd7 25. Bf3 Rab8 26. Rac1 cxd4 27. exd4 Qxd4 28. Nxg6 fxg6 29. Bg4 Qxf4 30. gxf4 Kf7 31. Rfe1 Re8 32. c5 Nd5 33. g3 e5 34. fxe5 Rxe5 35. Bd7 Rxe1+ 36. Rxe1 Nc7 37. c6 a5 38. Re2 a4 39. Ra2 Ra8 40. Kf1 a3 41. Ke2 Bb2 42. Kd3 Ra4 43. Kc2 Rc4+ 44. Kb3 Rc3+ 45. Kb4 Nd5+ 46. Ka4 Nb6+ 47. Kb4 Nxd7 48. cxd7 Ke7 49. Kb5 Rc1 50. Kb4 Ra1 51. Rxa1 Bxa1 52. Kxa3 Bd4 53. f3 Bf2 54. g4 h5 55. Kb3 h4 56. Kc3 h3 57. Kd3 h2 0-1

[Event "GRE-ch U16 Girls"]
[Site "Rio Achaia"]
[Date "2015.06.26"]
[Round "1.3"]
[White "Kokkota, Eleni"]
[Black "Houhouli, Hristina"]
[Result "1-0"]
[WhiteElo "1629"]
[BlackElo "1430"]
[PlyCount "101"]
[EventDate "2015.06.26"]
[EventType "swiss"]
[EventRounds "9"]
[EventCountry "GRE"]
[SourceTitle "EXT 2024"]
[Source "ChessBase"]
[SourceDate "2023.10.10"]
[SourceVersion "1"]
[SourceVersionDate "2023.10.10"]
[SourceQuality "1"]

1. d4 Nf6 2. c4 e6 3. Nc3 Bb4 4. e3 0-0 5. Bd3 Re8 6. a3 Bxc3+ 7. bxc3 d6 8. Ne2 e5 9. Ng3 Nbd7 10. f3 Nf8 11. 0-0 Ng6 12. Qc2 Qe7 13. d5 Nd7 14. Bf5 b6 15. Qe2 Ba6 16. a4 Nc5 17. Ba3 Nb3 18. Rab1 Na5 19. Bd3 Qd7 20. Bb4 Nb7 21. Qa2 Ne7 22. Rf2 Nxd5 23. Bxh7+ Kxh7 24. cxd5 Bd3 25. Rd1 Bg6 26. e4 a5 27. Ba3 Qxa4 28. Re1 Qd7 29. Qe2 Rh8 30. f4 exf4 31. Rxf4 Kg8 32. e5 dxe5 33. Qxe5 f6 34. Qe6+ Qxe6 35. dxe6 Be8 36. Nf5 Rh5 37. Rd1 Rd8 38. Rdd4 Rxd4 39. cxd4 g6 40. Ne7+ Kg7 41. d5 Re5 42. Rc4 Nd6 43. Rxc7 Nb5 44. Nf5+ Kg8 45. Nh6+ Kh8 46. Nf7+ Kg8 47. Rc8 Nxa3 48. Rxe8+ Kg7 49. Nxe5 b5 50. d6 Nc4 51. Nxc4 1-0

[Event "GRE-ch U18 Girls"]
[Site "Kavala"]
[Date "2015.01.06"]
[Round "7"]
[White "Tsivelekidou, Evgenia"]
[Black "Kokkota, Eleni"]
[Result "0-1"]
[WhiteElo "1624"]
[BlackElo "1691"]
[PlyCount "80"]
[EventDate "2015.01.02"]
[EventType "swiss"]
[EventRounds "9"]
[EventCountry "GRE"]
[SourceTitle "EXT 2024"]
[Source "ChessBase"]
[SourceDate "2023.10.10"]
[SourceVersion "1"]
[SourceVersionDate "2023.10.10"]
[SourceQuality "1"]

1. d4 Nf6 2. c4 e6 3. g3 d5 4. Bg2 Be7 5. Nf3 0-0 6. 0-0 Nbd7 7. Qc2 b6 8. cxd5 exd5 9. Nc3 Bb7 10. Ne5 c5 11. Nxd7 Qxd7 12. Rd1 c4 13. Bg5 Rfd8 14. Bxf6 Bxf6 15. e3 b5 16. a3 a5 17. Ne2 Re8 18. Nf4 g6 19. Rdb1 b4 20. axb4 axb4 21. Bh3 Qd6 22. Bg2 Bg5 23. Ne2 Qc6 24. h4 Bh6 25. Qd2 Qb5 26. Bf1 Qb6 27. Qd1 Bc6 28. Bg2 Qb7 29. Qe1 Bf8 30. Kh2 Bd6 31. Qh1 Rxa1 32. Rxa1 Ra8 33. Rxa8+ Qxa8 34. Qb1 Qa5 35. Qc2 Qb5 36. Nc1 b3 37. Qd1 Qa4 38. Ne2 Bb4 39. Nf4 c3 40. bxc3 b2 0-1

[Event "Nikaia op 22nd"]
[Site "Nikaia"]
[Date "2014.08.27"]
[Round "2"]
[White "Kokkota, Eleni"]
[Black "Vazelakis, Dimitrios"]
[Result "0-1"]
[WhiteElo "1567"]
[BlackElo "1985"]
[PlyCount "76"]
[EventDate "2014.08.26"]
[EventType "swiss"]
[EventRounds "9"]
[EventCountry "GRE"]
[SourceTitle "CBM 162 Extra"]
[Source "ChessBase"]
[SourceDate "2014.10.17"]
[SourceVersion "1"]
[SourceVersionDate "2014.10.17"]
[SourceQuality "1"]

1. d4 g6 2. e4 Bg7 3. Nc3 d6 4. Nf3 a6 5. Bd3 Nd7 6. 0-0 b5 7. Ne2 Bb7 8. c3 e5 9. dxe5 dxe5 10. Be3 Ngf6 11. Bg5 0-0 12. Bc2 Qe7 13. Qd2 h6 14. Bxh6 Nxe4 15. Qe3 Ndf6 16. Bxg7 Kxg7 17. Nxe5 Qxe5 18. Ng3 Qc5 19. Bxe4 Qxe3 20. fxe3 Nxe4 21. Nxe4 Bxe4 22. Rf4 f5 23. Rd1 Rad8 24. Rff1 Kf7 25. Rd4 Ke7 26. Rfd1 c5 27. Rxd8 Rxd8 28. Rxd8 Kxd8 29. Kf2 Kc7 30. h3 Kd6 31. g4 fxg4 32. hxg4 Kd5 33. Kg3 Bb1 34. a3 Ke4 35. Kf2 g5 36. Ke2 Ba2 37. b4 cxb4 38. cxb4 Be6 0-1

[Event "GRE-chT 42nd"]
[Site "Porto Rio"]
[Date "2014.06.30"]
[Round "4.6"]
[White "Kokkota, Eleni"]
[Black "Tsamantani, Eleni Marina"]
[Result "1-0"]
[WhiteElo "1575"]
[BlackElo "1346"]
[PlyCount "131"]
[EventDate "2014.06.28"]
[EventType "team-swiss"]
[EventRounds "7"]
[EventCountry "GRE"]
[SourceTitle "CBM 161 Extra"]
[Source "ChessBase"]
[SourceDate "2014.08.29"]
[SourceVersion "1"]
[SourceVersionDate "2014.08.29"]
[SourceQuality "1"]
[WhiteTeam "Peristeriou CP"]
[BlackTeam "Irakleiou CN"]
[WhiteTeamCountry "GRE"]
[BlackTeamCountry "GRE"]

1. d4 Nf6 2. c4 e6 3. Nc3 Bb4 4. e3 Bxc3+ 5. bxc3 d6 6. Bd3 Nbd7 7. Ne2 0-0 8. 0-0 Qe7 9. Ng3 Re8 10. e4 Nf8 11. f4 e5 12. f5 b6 13. d5 N8d7 14. Bg5 Bb7 15. c5 dxc5 16. Bb5 Qd6 17. Bxf6 Nxf6 18. Bxe8 Rxe8 19. c4 Qd7 20. a4 Rd8 21. Qe2 c6 22. Rfb1 cxd5 23. cxd5 Qc7 24. Qb5 Rb8 25. a5 Nd7 26. axb6 axb6 27. Nf1 c4 28. Rc1 c3 29. Ra3 Qc5+ 30. Qxc5 Nxc5 31. Ng3 f6 32. Rcxc3 Kf7 33. Kf2 Ra8 34. Rxa8 Bxa8 35. Ra3 Bb7 36. Ke3 g6 37. h4 Kg7 38. Ra7 Kf7 39. fxg6+ hxg6 40. h5 gxh5 41. Nxh5 Kg6 42. Ng3 Kf7 43. Nf5 Kf8 44. Nd6 Ba6 45. Rf7+ Kg8 46. Rxf6 b5 47. Kd2 b4 48. Rf3 Kg7 49. Kc2 Kg8 50. g4 Be2 51. Re3 Ba6 52. Ne8 Kf8 53. Nc7 Bc8 54. g5 Kg7 55. Ne8+ Kg6 56. Nd6 Ba6 57. Rg3 Bd3+ 58. Rxd3 Nxd3 59. Kxd3 Kxg5 60. Kc4 Kf6 61. Kxb4 Ke7 62. Kc5 Kd7 63. Nc4 Ke7 64. Nxe5 Kd8 65. Nc6+ Kd7 66. e5 1-0

[Event "Athens Kaisariani op 1st"]
[Site "Athens"]
[Date "2013.12.21"]
[Round "1"]
[White "Kokkota, Eleni"]
[Black "Sarandos, Vasilios"]
[Result "0-1"]
[WhiteElo "1518"]
[BlackElo "2209"]
[PlyCount "82"]
[EventDate "2013.12.21"]
[EventType "swiss"]
[EventRounds "9"]
[EventCountry "GRE"]
[SourceTitle "EXT 2015"]
[Source "ChessBase"]
[SourceDate "2014.11.20"]
[SourceVersion "1"]
[SourceVersionDate "2014.11.20"]
[SourceQuality "1"]

1. d4 Nf6 2. Nf3 d5 3. c4 c6 4. e3 a6 5. a4 Bg4 6. h3 Bxf3 7. Qxf3 e6 8. c5 b6 9. cxb6 Qxb6 10. Qd1 Bb4+ 11. Bd2 Ne4 12. Qc2 Nxd2 13. Nxd2 Nd7 14. Be2 c5 15. dxc5 Nxc5 16. 0-0 Bxd2 17. Qxd2 Nb3 18. Qc3 d4 19. exd4 Nxa1 20. Rxa1 0-0 21. a5 Qd6 22. Qc5 Rfd8 23. Qxd6 Rxd6 24. Rd1 Rb8 25. Rd2 Rb4 26. Kf1 g6 27. f3 Ra4 28. b3 Rxa5 29. b4 Ra1+ 30. Kf2 Rb1 31. b5 axb5 32. Ke3 Rb3+ 33. Ke4 Rd5 34. Rd3 f5+ 35. Ke3 Rxd3+ 36. Bxd3 Kf7 37. f4 Ke7 38. g4 b4 39. g5 b3 40. Bc4 b2 41. Ba2 Ra5 0-1

[Event "GRE-chT 41st"]
[Site "Achaia"]
[Date "2013.07.02"]
[Round "1.7"]
[White "Vlachou, Maria"]
[Black "Kokkota, Eleni"]
[Result "0-1"]
[WhiteElo "1287"]
[BlackElo "1484"]
[PlyCount "104"]
[EventDate "2013.07.02"]
[EventType "team-swiss"]
[EventRounds "7"]
[EventCountry "GRE"]
[SourceTitle "CBM 155 Extra"]
[Source "ChessBase"]
[SourceDate "2013.08.26"]
[SourceVersion "1"]
[SourceVersionDate "2013.08.26"]
[SourceQuality "1"]
[WhiteTeam "Chess Spring"]
[BlackTeam "Peristeriou CP"]
[WhiteTeamCountry "GRE"]
[BlackTeamCountry "GRE"]

1. d4 Nf6 2. Bf4 e6 3. Nf3 c5 4. e3 Nc6 5. Be2 Qb6 6. Qc1 cxd4 7. exd4 Nxd4 8. Nc3 Bb4 9. Bd1 d6 10. 0-0 0-0 11. a3 Bxc3 12. bxc3 Nxf3+ 13. Bxf3 Qc5 14. Qd2 Nd5 15. Bxd5 exd5 16. Rfe1 Be6 17. Qd3 Rac8 18. Rab1 b6 19. Rb3 Rfd8 20. Re3 Qc6 21. Rg3 Qc4 22. Bh6 g6 23. Qf3 Qe4 24. Qxe4 dxe4 25. Rb4 Bc4 26. Re3 d5 27. h3 Rc5 28. Ra4 Rd7 29. f4 f5 30. g4 Kf7 31. Kf2 a5 32. gxf5 gxf5 33. Rg3 Kf6 34. Rg8 Rcc7 35. Bg5+ Kf7 36. Rb8 Rb7 37. Rc8 Rbc7 38. Ra8 Bb5 39. Rd4 Rxc3 40. a4 Rxc2+ 41. Kg3 Bc6 42. Rc8 Bxa4 43. Rb8 b5 44. Ra8 Rc4 45. Rd2 e3 46. Re2 d4 47. Rxa5 d3 48. Rxe3 d2 49. Re7+ Rxe7 50. Bxe7 d1Q 51. Ra7 Qg1+ 52. Kh4 Rxf4+ 0-1

[Event "Petroupoli ASOP Dias Seniors op"]
[Site "Petroupoli"]
[Date "2013.02.23"]
[Round "6.5"]
[White "Kokkota, Eleni"]
[Black "Kazalis, Manos"]
[Result "0-1"]
[WhiteElo "1476"]
[BlackElo "1434"]
[PlyCount "113"]
[EventDate "2013.01.19"]
[EventType "swiss"]
[EventRounds "7"]
[EventCountry "GRE"]
[SourceTitle "EXT 2024"]
[Source "ChessBase"]
[SourceDate "2023.10.10"]
[SourceVersion "1"]
[SourceVersionDate "2023.10.10"]
[SourceQuality "1"]

1. d4 e5 2. dxe5 Nc6 3. Nf3 Qe7 4. Nc3 Nxe5 5. e4 Nf6 6. Be2 a6 7. Nxe5 Qxe5 8. f4 Qa5 9. Bd2 Bb4 10. e5 Ng8 11. a3 Bxc3 12. Bxc3 Qb6 13. Qd3 Ne7 14. 0-0-0 Qg6 15. g4 Qxd3 16. Rxd3 Nc6 17. h4 b6 18. Bf3 Bb7 19. Rhd1 0-0-0 20. Bd5 Rhf8 21. f5 g6 22. fxg6 fxg6 23. e6 dxe6 24. Bxe6+ Kb8 25. Rxd8+ Rxd8 26. Bf7 Bc8 27. Rxd8 Nxd8 28. Bxg6 Bxg4 29. h5 Ne6 30. Be5 Kc8 31. Kd2 Kd7 32. Ke3 Nf8 33. Kf4 Nxg6+ 34. hxg6 Be6 35. Bg7 h5 36. Kg5 h4 37. Be5 h3 38. g7 c6 39. Kf6 a5 40. b3 b5 41. Kg5 c5 42. Kf6 c4 43. b4 axb4 44. axb4 c3 45. Kg5 Kc6 46. Kf6 Kd5 47. Bb8 Bg8 48. Ke7 Ke4 49. Kd6 h2 50. Kc5 h1Q 51. Kxb5 Ke3 52. Kc5 Kd2 53. b5 Qb7 54. Bf4+ Kxc2 55. b6 Kb3 56. Kb5 Bc4+ 57. Ka5 0-1

[Event "Attica-ch U14 Girls 13"]
[Site "Athens"]
[Date "2012.12.29"]
[Round "6.3"]
[White "Skiadaresi, Antonia"]
[Black "Kokkota, Eleni"]
[Result "0-1"]
[WhiteElo "1376"]
[BlackElo "1468"]
[PlyCount "94"]
[EventDate "2012.12.22"]
[EventType "swiss"]
[EventRounds "7"]
[EventCountry "GRE"]
[SourceTitle "EXT 2024"]
[Source "ChessBase"]
[SourceDate "2023.10.10"]
[SourceVersion "1"]
[SourceVersionDate "2023.10.10"]
[SourceQuality "1"]

1. d4 Nf6 2. Nf3 e6 3. g3 Nc6 4. Bg2 d5 5. 0-0 Bd6 6. c4 0-0 7. Qc2 b6 8. Nbd2 Bb7 9. e4 Nb4 10. Qb1 Nxe4 11. Nxe4 dxe4 12. Ng5 Be7 13. Nxe4 f5 14. Nf6+ Bxf6 15. Bxb7 Rb8 16. Bd2 c5 17. Bg2 Bxd4 18. Bf4 e5 19. Be3 Bxe3 20. fxe3 e4 21. Rd1 Qg5 22. Qc1 Nd3 23. Qd2 Rbd8 24. Qe2 Kh8 25. b3 Rf7 26. Bf1 Rfd7 27. Rab1 Rd6 28. Kh1 Nf2+ 29. Qxf2 Rxd1 30. Rxd1 Rxd1 31. Kg1 h6 32. Qe2 Rd3 33. Kf2 Qd8 34. Qh5 Rd2+ 35. Kg1 Qg5 36. Qxg5 hxg5 37. a3 Ra2 38. Bh3 g4 39. Bf1 Rxa3 40. Be2 Rxb3 41. Kf2 a5 42. Kg2 Rxe3 43. Bd1 Rc3 44. Ba4 Rxc4 45. Bd7 g6 46. Bb5 Rb4 47. Be2 a4 0-1

[Event "Petroupoli op 10th"]
[Site "Petroupoli"]
[Date "2012.10.06"]
[Round "1"]
[White "Kokkota, Eleni"]
[Black "Grigoriadis, Mihail"]
[Result "0-1"]
[WhiteElo "1447"]
[BlackElo "1914"]
[PlyCount "52"]
[EventDate "2012.10.06"]
[EventType "swiss"]
[EventRounds "7"]
[EventCountry "GRE"]
[SourceTitle "EXT 2013"]
[Source "ChessBase"]
[SourceDate "2012.11.22"]
[SourceVersion "1"]
[SourceVersionDate "2012.11.22"]
[SourceQuality "1"]

1. e4 c5 2. Nf3 d6 3. d4 cxd4 4. Nxd4 Nf6 5. Nc3 a6 6. h3 e6 7. g4 d5 8. exd5 Nxd5 9. Nde2 Bb4 10. Bd2 Nxc3 11. Bxc3 Bxc3+ 12. Nxc3 Qb6 13. b3 Qc6 14. Kd2 e5 15. Bd3 Qh6+ 16. Ke1 Nc6 17. Qd2 Qh4 18. Be4 0-0 19. Bxc6 bxc6 20. Qd6 Bxg4 21. Qxc6 e4 22. Ne2 Bxe2 23. Kxe2 Rac8 24. Qb6 e3 25. Kxe3 Rfe8+ 26. Kd2 Qf4+ 0-1

[Event "Petroupoli op 5th"]
[Site "Petroupoli"]
[Date "2012.09.26"]
[Round "6"]
[White "Kokkota, Eleni"]
[Black "Hrysogelou, Athanasia Panagiota"]
[Result "1-0"]
[WhiteElo "1445"]
[BlackElo "1343"]
[PlyCount "65"]
[EventDate "2012.09.08"]
[EventType "swiss"]
[EventRounds "7"]
[EventCountry "GRE"]
[SourceTitle "CBM 150 Extra"]
[Source "ChessBase"]
[SourceDate "2012.10.19"]
[SourceVersion "1"]
[SourceVersionDate "2012.10.19"]
[SourceQuality "1"]

1. e4 e5 2. Nf3 Nc6 3. d4 exd4 4. Nxd4 Nf6 5. Nxc6 bxc6 6. e5 Qe7 7. Qe2 Nd5 8. c4 Ba6 9. b3 Qe6 10. cxd5 Qxd5 11. Qd2 Qe4+ 12. Qe3 Qc2 13. Bxa6 Bc5 14. Qf4 g5 15. Qf3 Qxc1+ 16. Qd1 Qb2 17. Nd2 Bb4 18. Rc1 Qxa2 19. Bc4 Kd8 20. Bxf7 Rf8 21. Bc4 Re8 22. Qc2 Rxe5+ 23. Kd1 Qa5 24. Nf3 Rc5 25. Qxh7 Kc8 26. Ke2 Qa2+ 27. Ke3 g4 28. Ra1 Qb2 29. Qg8+ Kb7 30. Ba6+ Kb6 31. Qxa8 Qc3+ 32. Bd3 Rh5 33. Qxa7# 1-0

[Event "Attica-ch U14 Girls"]
[Site "Peristeri"]
[Date "2012.04.21"]
[Round "6"]
[White "Iliopoulou, Elisavet"]
[Black "Kokkota, Eleni"]
[Result "1-0"]
[WhiteElo "1574"]
[BlackElo "1456"]
[PlyCount "167"]
[EventDate "2012.04.17"]
[EventType "swiss"]
[EventRounds "7"]
[EventCountry "GRE"]
[SourceTitle "EXT 2024"]
[Source "ChessBase"]
[SourceDate "2023.10.10"]
[SourceVersion "1"]
[SourceVersionDate "2023.10.10"]
[SourceQuality "1"]

1. d4 Nf6 2. Nf3 e6 3. c4 d5 4. Nc3 Bb4 5. Bd2 0-0 6. e3 c5 7. a3 Bxc3 8. Bxc3 Ne4 9. Rc1 b6 10. dxc5 bxc5 11. Bd3 Nxc3 12. Rxc3 Nd7 13. 0-0 Bb7 14. Qc2 h6 15. cxd5 exd5 16. Bf5 c4 17. Bxd7 Qxd7 18. Rd1 Qe6 19. Nd4 Qg6 20. Qxg6 fxg6 21. Nb5 a6 22. Nd4 Rf6 23. Rc2 Rd8 24. Nf3 Rdd6 25. Rcd2 Rb6 26. Nd4 Rf7 27. Ne2 g5 28. Nc3 Rbf6 29. Rf1 Rb6 30. h3 Bc6 31. Rb1 Rfb7 32. Kf1 Rb3 33. Rc2 Kf7 34. f3 Ke6 35. Kf2 Ke5 36. Ke2 h5 37. Kf2 Bd7 38. Rd1 Bc6 39. Rdd2 Rd7 40. Ne2 Ba4 41. Rc3 Rdb7 42. Rxb3 Rxb3 43. Nc3 Bc6 44. Ne2 Rb6 45. Nd4 Bb5 46. Kg3 Rf6 47. Ne2 Rg6 48. Kf2 h4 49. Nc3 Rd6 50. Ne2 Be8 51. f4+ gxf4 52. exf4+ Kf5 53. Ke3 Kf6 54. Nc3 Bc6 55. Ne4+ Ke6 56. Nxd6 Kxd6 57. Kd4 Ke7 58. Re2+ Kd6 59. Re5 g6 60. Rg5 Be8 61. Rxd5+ Ke7 62. Re5+ Kf8 63. Kxc4 Bc6 64. Rg5 Kf7 65. Kc5 Bb5 66. Kb6 Bf1 67. b4 Bd3 68. Ra5 Bf1 69. Rxa6 Bxg2 70. Ra7+ Kf6 71. Rh7 Bxh3 72. Rxh4 Bg2 73. b5 g5 74. fxg5+ Kxg5 75. Rh8 Kf6 76. Kc7 Kg7 77. Rd8 Kf6 78. b6 Ke7 79. Rd2 Ba8 80. b7 Bxb7 81. Kxb7 Ke6 82. a4 Ke5 83. a5 Ke4 84. a6 1-0

[Event "Attica-ch U14 Girls"]
[Site "Peristeri"]
[Date "2012.04.17"]
[Round "1"]
[White "Tsavari, Hristina"]
[Black "Kokkota, Eleni"]
[Result "1/2-1/2"]
[WhiteElo "1010"]
[BlackElo "1456"]
[PlyCount "48"]
[EventDate "2012.04.17"]
[EventType "swiss"]
[EventRounds "7"]
[EventCountry "GRE"]
[SourceTitle "EXT 2024"]
[Source "ChessBase"]
[SourceDate "2023.10.10"]
[SourceVersion "1"]
[SourceVersionDate "2023.10.10"]
[SourceQuality "1"]

1. d4 Nf6 2. c4 e6 3. Nc3 Bb4 4. Bg5 Bxc3+ 5. bxc3 h6 6. Bh4 b6 7. e3 Bb7 8. Nf3 g5 9. Bg3 Ne4 10. Qc2 Nxg3 11. hxg3 Bxf3 12. gxf3 Qf6 13. Bg2 Nc6 14. Rb1 Qg6 15. Qxg6 fxg6 16. c5 bxc5 17. dxc5 Rb8 18. Rxb8+ Nxb8 19. f4 gxf4 20. exf4 Kf7 21. Kd2 Kg7 22. Rb1 Rc8 23. Rb7 a6 24. Ra7 c6 1/2-1/2